| 000 | 01232nam0a22002771 4500 | ||
|---|---|---|---|
| 001 | rc\2988585 | ||
| 005 | 20250806210939.0 | ||
| 035 | _a(NLR Aleph) 007132798 | ||
| 090 |
_a12175 _c12175 |
||
| 100 | _a20110914d1945 u y0rusy50 ca | ||
| 101 | 0 | _arus | |
| 102 | _aRU | ||
| 105 | _aa z ||||| | ||
| 200 | 1 |
_aАгроправила по культуре тунга в Азербайджане _e[Утв. 5/XI-1945 г.] _fНар. ком. земледелия АзССР. Упр. субтроп. культур |
|
| 210 |
_aБаку _cизд-во и тип. Азернешр _d1945 |
||
| 215 |
_a35 с. _cил. _d22 см |
||
| 300 | _aВ конце текста указан составитель: ст. науч. сотрудник Азерб. филиала Всесоюз. науч.-исслед. ин-та чая и субтроп. культур А. Иващенко | ||
| 702 | 1 |
_aИващенко _bА. _4220 |
|
| 712 | 0 | 1 |
_aАзССР _bУправление субтропических культур _4570 |
| 801 | 0 |
_aRU _bNLR _gpsbo |
|
| 801 | 1 |
_aRU _bELAR _2rusmarc |
|
| 852 |
_aNLR _bС _j40 Г-6/82 |
||
| 942 | _cBOOK | ||
| 945 | _aРоссийская национальная библиотека | ||
| 980 | _aNB | ||
| 980 | _aBV | ||